000
00328nam a2200121Ia 4500
008
180117s9999 xx 000 0 und d
100
_a
by Alex Vergara
245
2
_a
A Question of Beauty
260
_c
2017
300
_a
10-12 pages, 2017 March 19
440
_a
Philippine Panorama
650
_a
BEAUTIES WEIGH IN ON THE SUBJECT
999
_c
353607
_d
353607